Catálogo
 En Linea

Cartas de los obispos y arzobispos de la Isla Española : (Registro nro. 49240)

Detalles MARC
000 -CABECERA
campo de control de longitud fija 01350nam a2200325 a 4500
001 - NÚMERO DE CONTROL
campo de control
003 - IDENTIFICADOR DEL NÚMERO DE CONTROL
campo de control DO-SdBNP
005 - FECHA Y HORA DE LA ÚLTIMA TRANSACCIÓN
campo de control 20250617124942.0
008 - DATOS DE LONGITUD FIJA--INFORMACIÓN GENERAL
campo de control de longitud fija 081204s2019 dr r 001 0 spa d
020 ## - NÚMERO INTERNACIONAL ESTÁNDAR DEL LIBRO
Número Internacional Estándar del Libro 9789945613209
020 ## - NÚMERO INTERNACIONAL ESTÁNDAR DEL LIBRO
Número Internacional Estándar del Libro
040 ## - FUENTE DE LA CATALOGACIÓN
Centro catalogador/agencia de origen DO-SdBNP
Lengua de catalogación spa
Centro/agencia transcriptor BNPHU
082 #4 - NÚMERO DE LA CLASIFICACIÓN DECIMAL DEWEY
Número de clasificación 282.7293
Número de documento/Ítem C322o
Número de edición 22
245 00 - MENCIÓN DE TÍTULO
Título Cartas de los obispos y arzobispos de la Isla Española :
Resto del título (1529-1611) /
Mención de responsabilidad, etc. cuidado de la edición, Genaro Rodríguez Morel.
260 ## - PUBLICACIÓN, DISTRIBUCIÓN, ETC.
Lugar de publicación, distribución, etc. Santo Domingo :
Nombre del editor, distribuidor, etc. Archivo General de la Nación,
Fecha de publicación, distribución, etc. 2019.
300 ## - DESCRIPCIÓN FÍSICA
Extensión 352 p. ;
Dimensiones 27 cm.
490 ## - MENCIÓN DE SERIE
Mención de serie Archivo General de la Nación
Designación de volumen o secuencia 356
500 ## - NOTA GENERAL
Nota general Incluye índice
500 ## - NOTA GENERAL
Nota general Incluye índice onomástico
500 ## - NOTA GENERAL
Nota general Incluye datos biográficos del editor en las solapas
590 ## - NOTA LOCAL (RLIN)
Nota local Inventariado, 2020/VM
610 14 - PUNTO DE ACCESO ADICIONAL DE MATERIA--NOMBRE DE ENTIDAD CORPORATIVA
Nombre de entidad corporativa o nombre de jurisdicción como elemento de entrada Iglesia Católica
9 (RLIN) 77520
Subdivisión geográfica República Dominicana
Subdivisión general Obispos
Subdivisión cronológica 1529-1611
Subdivisión de forma Correspondencias
610 14 - PUNTO DE ACCESO ADICIONAL DE MATERIA--NOMBRE DE ENTIDAD CORPORATIVA
Nombre de entidad corporativa o nombre de jurisdicción como elemento de entrada Iglesia Católica
Subdivisión geográfica República Dominicana
Subdivisión general Arzobispos
Subdivisión cronológica 1529-1611
Subdivisión de forma Correspondencias
9 (RLIN) 78499
651 #4 - PUNTO DE ACCESO ADICIONAL DE MATERIA--NOMBRE GEOGRÁFICO
Nombre geográfico República Dominicana
Subdivisión general Historia eclesiástica.
Subdivisión cronológica 1529-1611
9 (RLIN) 305
Subdivisión de forma Fuentes
700 1# - PUNTO DE ACCESO ADICIONAL--NOMBRE DE PERSONA
Nombre de persona Herrera R., Rafael Darío,
Fechas asociadas al nombre 1955-
Forma completa/desarrollada del nombre (Herrera Rodríguez),
9 (RLIN) 306
711 2# - PUNTO DE ACCESO ADICIONAL--NOMBRE DE REUNIÓN/CONGRESO
Nombre de congreso/reunión o jurisdicción como elemento de entrada Feria del Libro en Madrid
Fecha del congreso/reunión (18a. )
9 (RLIN) 77521
830 ## - PUNTO DE ACCESO ADICIONAL DE SERIE-TÍTULO UNIFORME
Título uniforme Archivo General de la Nación
Número de parte o sección de la obra 356
9 (RLIN) 77522
910 ## - DATOS DE OPCIÓN DEL USUARIO (OCLC)
Datos de opción del usuario VMateo/Validado. Control de calidad MFF
942 ## - ELEMENTOS DE PUNTO DE ACCESO ADICIONAL (KOHA)
Fuente del sistema de clasificación o colocación Dewey Decimal Classification
Tipo de ítem Koha Libro
Existencias
Estado de retiro Estado de pérdida Fuente del sistema de clasificación o colocación Restricciones de uso No para préstamo Código de colección Localización permanente Ubicación/localización actual Fecha de adquisición Fuente de adquisición Total de préstamos Signatura topográfica completa Código de barras Fecha visto por última vez Precio válido a partir de Tipo de ítem Koha Número de copia
    Dewey Decimal Classification Préstamo en sala   Dominicana de Servicio Biblioteca Nacional Pedro Henríquez Ureña General 04.12.2020 Archivo General de la Nación   BNPHU DS 282.7293 C322o 2020-0627 04.12.2020 04.12.2020 Libro y Folleto Colección Dominicana de Servicio e.3
    Dewey Decimal Classification Préstamo en sala   Dominicana de Servicio Biblioteca Nacional Pedro Henríquez Ureña General 04.12.2020 Editora Búho   BNPHU DS 282.7293 C322o 2020-0628 04.12.2020 04.12.2020 Libro y Folleto Colección Dominicana de Servicio e.4
    Dewey Decimal Classification Préstamo en sala   Dominicana de Servicio Biblioteca Nacional Pedro Henríquez Ureña General 28.10.2019 donado por el Archivo General de la Nación   BNPHU DS 282.7293 C322o 2021-1123 23.03.2021 23.03.2021 Libro y Folleto Colección Dominicana de Servicio e. 5
    Dewey Decimal Classification Excluido de préstamo Excluido de préstamo Patrimonio Dominicano Biblioteca Nacional Pedro Henríquez Ureña Patrimonio Dominicano 04.12.2020 Editora Búho   BNPHU PD 282.7293 C322o 2020-0625 04.12.2020 04.12.2020 Libro y Folleto Colección Patrimonio Dominicano  
    Dewey Decimal Classification Excluido de préstamo Préstamo restrigido Patrimonio Dominicano Biblioteca Nacional Pedro Henríquez Ureña Patrimonio Dominicano 04.12.2020 Editora Búho   BNPHU PD 282.7293 C322o 2020-0626 04.12.2020 04.12.2020 Libro y Folleto Colección Patrimonio Dominicano e.2

Con tecnología Koha